zpět

Detail výsledku týmu

Hostinec Rynárec, Rynárec

Datum a čas kvízu

36 Celkem bodů Celkový počet nahraných bodů na tomto kvízu bez doplňovacích otázek.
5. Pořadí na kvízu Konečné umístění týmu na tomto kvízu.

Zaznamenané odpovědi

# Otázka Odpověď Body Výsledky
1. Jedno pražské brašnářství minu... Tlustý (a spol.) 1
2. Pilot malého letadla Piper se... na golfovém hřišti 0
3. Jeden z párů českého showbyzny... Anna K., Tomáš Vartecký 1
4. Kuriózní dopravní nehodu musel... C) hřbitova 1
5. UEFA minulý týden vyškrtla dva... B) dopravní značku 0
6. V tomto tématu budete mít vždy... 12. století 1
7. Bartolomeu Dias obeplouvá mys... 15. století 0
8. Narodil se Marco Polo, proběhl... 13. století 1
9. Založení Petrohradu, podepsání... 18. století 1
10. Počátek islámského letopočtu,... 7. století 0